000 00324nam a22001457a 4500
008 230124b ||||| |||| 00| 0 eng d
020 _a9780312543075
041 _aeng
080 _2FIFTH EDITION
_a339
082 _a339KIR
100 _a23
101 _aEDU
245 _aWITH READINGS
_cKIRSZNER G L
942 _2udc
_cBK
999 _c59263
_d59263